000 00408cam a22001097a 4500
008 180718b1977 xxu||||| |||| 00| 0 eng d
082 _aBA27x5444 K147d
245 _aDemographic study of scheduled caste population of Karnataka
_cby Bureau of Economics and Statistics
260 _aBangalore
_bBureau of Economics and Statistics
_c1977
300 _a15p.
700 _aKarnataka. Bureau of Economics and Statistics
999 _c489086
_d489086